000 00489 a2200145 4500
001 ART_46037
005 20260410161731.0
008 260409a
245 1 0 _aConciencia y acciones de consumo responsable en los jóvenes univfersitarios
100 1 _aBianchi, Enrique Carlos
700 1 _aCarmelé, Belén
700 1 _aTubaro, Darío
700 1 _aBruno, Juan Manuel
773 0 _tEscritos contables y de administración
_g- Vol. 4, Nº1 (ene./jun. 2013)
_wREV2758
999 _c17842
_d17842